000 00514cab a2200193 4500
001 ABS39629
008 090401t1988 xxu||||| |||| 00| 0 eng d
035 _a(Sirsi) u17853
041 _aeng
100 _aClark, P.
245 _aHypothetically speaking
260 _c1988
350 _a0
490 _aEstates Times
_v(956) 5 August 1988, 10(1)
520 _aDiscusses rent review valuations using a hypothetical lease.
690 _aLANDLORD AND TENANT-RENT REVIEWS
942 _n0
948 _c04/03/1997
999 _c11841
_d11841